Loading...
| History - European | 0 | 13 | 1 | 2 | 125 | 21 | 64.38 | 4 | 11 | 28.58 | 49.47 |
| History - World | 0 | 4 | 0 | 0 | 40 | 40 | 67.50 | 2 | 4 | 15.00 | 28.00 |
| Mythology | 0 | 4 | 2 | 0 | 30 | 58 | 67.25 | 3 | 4 | 15.60 | 32.00 |
| Literature - British | 0 | 3 | 0 | 0 | 30 | 34 | 58.67 | 1 | 2 | 9.87 | 13.33 |
| History - Other | 0 | 4 | 2 | 0 | 30 | 17 | 48.75 | 3 | 4 | 22.44 | 38.00 |
| Religion | 0 | 3 | 1 | 1 | 25 | 89 | 101.33 | 0 | 3 | 3.91 | 14.00 |
| Literature - European | 0 | 2 | 0 | 0 | 20 | 52 | 72.50 | 1 | 2 | 7.44 | 16.00 |
| Literature - American | 0 | 2 | 0 | 0 | 20 | 35 | 57.00 | 2 | 2 | 21.42 | 40.00 |
| Popular Culture | 0 | 2 | 0 | 1 | 20 | 58 | 71.00 | 0 | 0 | 15.59 | 12.00 |
| Philosophy | 0 | 1 | 0 | 0 | 10 | 74 | 74.00 | 0 | 0 | 3.94 | 5.00 |
| Current Events | 0 | 1 | 0 | 0 | 10 | 92 | 92.00 | 0 | 1 | 3.90 | 20.00 |
| Literature - World | 0 | 1 | 0 | 0 | 10 | 108 | 108.00 | 1 | 1 | 1.50 | 10.00 |
| Geography | 0 | 1 | 0 | 0 | 10 | 82 | 82.00 | 1 | 1 | 5.49 | 20.00 |
| History - American | 0 | 0 | 1 | 0 | -5 | 0.00 | 0 | 0 | 0.00 | 0.00 |